| Поле | Инд. | ПП | Название | Значение |
|---|---|---|---|---|
| Тип записи | a | |||
| Библиографический уровень | b | |||
| 001 | Контрольный номер | bb69907a67d04b54a852db7b987151bf | ||
| 005 | Дата корректировки | 20210819160005.1 | ||
| 024 | 80 | a | Стандартный номер | DOI: 10.1103/PhysRevLett.116.052002 |
| 040 | a | Служба первич. каталог. | РИНЦ | |
| 041 | 0_ | a | Код языка текста | eng |
| 084 | a | Индекс другой классификации/Индекс ББК | 22.381; 22.382.904.1 | |
| 097 | a | Чагина С.Г. | ||
| 097 | a | Спаскова Н.О. | ||
| 100 | 1_ | a | Автор | Khachatryan V. |
| 100 | 1_ | a | Автор | Sirunyan A. M. |
| 100 | 1_ | a | Автор | Tumasyan A. |
| 100 | 1_ | a | Автор | Adam W. |
| 100 | 1_ | a | Автор | Malakhov A. I. |
| g | Прочие сведения | РИНЦ AuthorID: 22982 (http://elibrary.ru/author_profile.asp?id= 22982); SPIN-код: 9425-7549 (http://elibrary.ru/author_items.asp?authorid=22982); Scopus Author ID: 7005378952 (https://www.scopus.com/authid/detail.uri?authorId=7005378952); ResearcherID: D-5702-2016 (http://www.researcherid.com/rid/D-5702-2016) | ||
| g | Прочие сведения | SPIN-код: 9425-7549 | ||
| q | Полное имя | Малахов Александр Иванович | ||
| u | Дополнение | Малахов А. И.; Malakhov Alexander I. | ||
| c | Титул (звания) | профессор; доктор физико-математических наук | ||
| i | 000091041 | |||
| k | Кафедра физико-технических систем; Факультет естественных и инженерных наук | |||
| 100 | 1_ | a | Автор | Smirnov V. A. |
| g | Прочие сведения | РИНЦ AuthorID: 98950 (http://elibrary.ru/author_profile.asp?id= 98950); SPIN-код: 6781-1948 (http://elibrary.ru/author_items.asp?authorid=98950); | ||
| g | Прочие сведения | SPIN-код: 6781-1948 | ||
| q | Полное имя | Смирнов Виталий Анатольевич | ||
| u | Дополнение | Смирнов В. А. | ||
| c | Титул (звания) | старший научный сотрудник; доктор технических наук | ||
| i | 100093138 | |||
| k | Кафедра физико-технических систем; Факультет естественных и инженерных наук | |||
| 245 | 10 | a | Заглавие | Measurement of the Top Quark Pair Production Cross Section in Proton-Proton Collisions at s=13 TeV |
| 650 | 04 | a | Основная рубрика | физика; ядерная физика; физика элементарных частиц; экспериментальная физика |
| 773 | 18 | t | Название источника | Physical Review Letters |
| b | Сведения об издании | American Physical Society | ||
| c | США | |||
| d | Место и дата издания | 2016 | ||
| m | Специф. данные | входит в Scopus | ||
| m | Специф. данные | входит в WoS | ||
| m | Специф. данные | входит в ядро РИНЦ | ||
| g | Прочая информация | V. 116. - № 5. - P. 052002 | ||
| n | Примечание | http://elibrary.ru/title_about.asp?id=21820 | ||
| w | Контрольный № источника | 888b00d77a4f4a61b119f844eaa614fb | ||
| 856 | 40 | u | URL | http://elibrary.ru/item.asp?id=26889090 |
| 901 | t | Тип документа | b | |
| 952 | c | Вид литературы | статья в журнале |